00746nam a2200181 a 4500003000200000005001700002008004100019050003000060100002800090245015400118260009000272300004000362504004100402650004800443650002200491650002700513650002400540020250314112950.0090806s19uu xx 00 eng d aPHS SB 319.T6b.F349 2008 aFerenal, Arienne Mae A. aA Comparative study on the growth rate of tomatoes (Lycopersicon esculentum) using hydroponics & the traditional method /cby Arienne mae A. Ferenal. aLas Piñas City, Philippines :bSouthville International School and Colleges,c2008. a27 pages :billustrations ;c28 cm. aIncludes bibliographical references. aTomatoesxCultivationvComparative studies. aTomatoesxGrowth. aTomatoesxHydroponics. aTomatoesxResearch.